[Event "Kiel op-A 29th"]
[Site "Kiel"]
[Date "2016.08.03"]
[Round "7"]
[White "Hagenlueke, Thomas"]
[Black "Rommeck, Christiane"]
[Result "1-0"]
[WhiteElo "2010"]
[BlackElo "1558"]
[PlyCount "97"]
[EventDate "2016.07.30"]
[EventType "swiss"]
[EventRounds "9"]
[EventCountry "GER"]
[SourceTitle "CBM 173 Extra"]
[Source "ChessBase"]
[SourceDate "2016.08.29"]
[SourceVersion "1"]
[SourceVersionDate "2016.08.29"]
[SourceQuality "1"]

1. d4 Nf6 2. c4 d5 3. Nc3 e6 4. cxd5 exd5 5. Bg5 Be7 6. e3 Be6 7. Bd3 Nbd7 8. f4 Bg4 9. Nf3 Nh5 10. Bxe7 Qxe7 11. Nxd5 Qd6 12. Nc3 0-0 13. 0-0 Nhf6 14. Qd2 Bxf3 15. Rxf3 Rfe8 16. Qf2 Rad8 17. h3 c5 18. Rd1 cxd4 19. exd4 a6 20. Kh1 Nb6 21. Re3 Nbd5 22. Re5 Qb6 23. Rde1 Kf8 24. Bc4 Nb4 25. Rxe8+ Rxe8 26. Rxe8+ Kxe8 27. Qe2+ Kf8 28. Qe5 Nc6 29. Qc5+ Qxc5 30. dxc5 Nd7 31. Na4 Ke7 32. Kg1 f6 33. Kf2 g5 34. g3 h6 35. Bd5 Ndb8 36. a3 a5 37. Ke3 f5 38. Kd3 Kd7 39. Kc4 Kc7 40. Nc3 b6 41. Nb5+ Kb7 42. Nd4 Kc7 43. cxb6+ Kxb6 44. Nxc6 Nxc6 45. Bxc6 Kxc6 46. a4 Kd6 47. b4 axb4 48. Kxb4 Kc7 49. a5 1-0

[Event "Kiel op-A 29th"]
[Site "Kiel"]
[Date "2016.07.30"]
[Round "2"]
[White "Rosenburg, Thies"]
[Black "Hagenlueke, Thomas"]
[Result "0-1"]
[WhiteElo "1728"]
[BlackElo "2010"]
[PlyCount "52"]
[EventDate "2016.07.30"]
[EventType "swiss"]
[EventRounds "9"]
[EventCountry "GER"]
[SourceTitle "CBM 173 Extra"]
[Source "ChessBase"]
[SourceDate "2016.08.29"]
[SourceVersion "1"]
[SourceVersionDate "2016.08.29"]
[SourceQuality "1"]

1. d4 d5 2. Nf3 Nf6 3. c4 e6 4. g3 Bb4+ 5. Bd2 a5 6. Bg2 0-0 7. 0-0 dxc4 8. Qc2 b5 9. Ne5 Ra6 10. Rd1 Bxd2 11. Nxd2 a4 12. e3 Nfd7 13. b3 Nxe5 14. dxe5 Qd3 15. Qxd3 cxd3 16. Rac1 axb3 17. Nxb3 Rxa2 18. Rxd3 b4 19. Nc5 Na6 20. Bf3 Nxc5 21. Rxc5 Ba6 22. Rd1 b3 23. Rb1 Bd3 24. Rxb3 Ra1+ 25. Bd1 Rxd1+ 26. Kg2 Be4+ 0-1

[Event "Oberliga Nord O 1415"]
[Site "Germany"]
[Date "2014.10.19"]
[Round "2.8"]
[White "Hagenlueke, Thomas"]
[Black "Marwitz, Tino"]
[Result "0-1"]
[WhiteElo "2031"]
[BlackElo "2040"]
[PlyCount "62"]
[EventDate "2014.09.21"]
[EventType "team-tourn"]
[EventRounds "9"]
[EventCountry "GER"]
[SourceTitle "EXT 2016"]
[Source "ChessBase"]
[SourceDate "2015.10.08"]
[SourceVersion "1"]
[SourceVersionDate "2015.10.08"]
[SourceQuality "1"]
[WhiteTeam "Greifswald"]
[BlackTeam "Potsdam Empor"]
[WhiteTeamCountry "GER"]
[BlackTeamCountry "GER"]

1. d4 Nf6 2. c4 g6 3. f3 c5 4. d5 d6 5. e4 Bg7 6. Nc3 0-0 7. Bg5 h6 8. Be3 a6 9. Qd2 Kh7 10. Bd3 e5 11. Nge2 Nh5 12. 0-0 Nd7 13. Rac1 b5 14. cxb5 axb5 15. Bxb5 f5 16. f4 exf4 17. Nxf4 Nxf4 18. Bxf4 Ne5 19. Bg3 fxe4 20. Rxf8 Qxf8 21. Qf4 Bf5 22. Nxe4 Rxa2 23. Nc3 Rxb2 24. Qa4 Qe7 25. Re1 h5 26. Bh4 g5 27. Bg3 h4 28. Bxe5 Bxe5 29. Rc1 Bxc3 30. Rxc3 Qe1+ 31. Bf1 Qf2+ 0-1

[Event "Oberliga Nord O 1415"]
[Site "Germany"]
[Date "2014.09.21"]
[Round "1.8"]
[White "Hagenlueke, Thomas"]
[Black "Jauk, Wilhelm"]
[Result "0-1"]
[WhiteElo "2031"]
[BlackElo "2175"]
[PlyCount "68"]
[EventDate "2014.09.21"]
[EventType "team-tourn"]
[EventRounds "9"]
[EventCountry "GER"]
[SourceTitle "EXT 2016"]
[Source "ChessBase"]
[SourceDate "2015.10.08"]
[SourceVersion "1"]
[SourceVersionDate "2015.10.08"]
[SourceQuality "1"]
[WhiteTeam "Greifswald"]
[BlackTeam "Berlin Oberschoeneweide"]
[WhiteTeamCountry "GER"]
[BlackTeamCountry "GER"]

1. d4 d5 2. c4 c6 3. cxd5 cxd5 4. Nc3 Nf6 5. Bf4 Nc6 6. e3 a6 7. Rc1 g6 8. Be5 Bg7 9. Qb3 e6 10. f4 Nxe5 11. dxe5 Ng4 12. Be2 Nxe3 13. Na4 Nxg2+ 14. Kf2 Nxf4 15. Nb6 Nxe2 16. Nxe2 Rb8 17. Nxc8 Rxc8 18. Qa4+ b5 19. Qxa6 0-0 20. Rxc8 Qxc8 21. Qxb5 Bxe5 22. Rc1 Qd8 23. Ng3 Qf6+ 24. Kg1 Rb8 25. Qf1 Rxb2 26. Qxf6 Bxf6 27. a4 Ra2 28. Rc8+ Kg7 29. Ra8 Bd4+ 30. Kf1 Rxh2 31. Ne2 Be3 32. a5 d4 33. Rd8 Rh1+ 34. Kg2 Ra1 0-1

[Event "Mecklenburg VP-ch HT"]
[Site "Rostock"]
[Date "2013.05.09"]
[Round "1.1"]
[White "Hagenlueke, Thomas"]
[Black "Sack, Reinhard"]
[Result "1-0"]
[WhiteElo "2003"]
[BlackElo "1732"]
[PlyCount "107"]
[EventDate "2013.05.09"]
[EventType "swiss"]
[EventRounds "7"]
[EventCountry "GER"]
[SourceTitle "EXT 2023"]
[Source "ChessBase"]
[SourceDate "2022.10.05"]
[SourceVersion "1"]
[SourceVersionDate "2022.10.05"]
[SourceQuality "1"]

1. d4 Nf6 2. c4 g6 3. Nc3 Bg7 4. e4 d6 5. Be2 0-0 6. Bg5 Nbd7 7. Qd2 c5 8. Nf3 cxd4 9. Nxd4 Ne5 10. 0-0 a6 11. Rad1 Qc7 12. Bxf6 Bxf6 13. Nd5 Qc5 14. Nb3 Nxc4 15. Nxf6+ exf6 16. Qc3 Qg5 17. Bxc4 b5 18. Bd5 Ra7 19. Nd4 Bd7 20. Nc6 Bxc6 21. Qxc6 Qe5 22. Qb6 Qe7 23. Rc1 Rd7 24. Rc6 f5 25. exf5 gxf5 26. Qd4 a5 27. Rc3 Qe5 28. Rg3+ Kh8 29. Rd3 f6 30. Qxe5 fxe5 31. Bc6 Rg7 32. Rxd6 e4 33. Rfd1 Rc7 34. Rd8 Rc8 35. Rxf8+ Rxf8 36. Kf1 Kg7 37. Ke1 b4 38. Rd6 h5 39. Rd5 Rc8 40. Ba4 Kf6 41. Kd2 Rg8 42. g3 h4 43. Rxa5 hxg3 44. hxg3 Rd8+ 45. Ke2 Kg5 46. Rb5 Rd4 47. Bb3 Kf6 48. Rd5 Rxd5 49. Bxd5 Ke5 50. Bb3 Kd4 51. a3 Ke5 52. Ke3 Kd6 53. Kf4 Kc5 54. Kxf5 1-0

[Event "Mecklenburg VP LL2 Ost 1213"]
[Site "Mecklenburg VP"]
[Date "2013.04.14"]
[Round "8.4"]
[White "Hagenlueke, Thomas"]
[Black "Giering, Nils"]
[Result "1-0"]
[WhiteElo "1897"]
[BlackElo "1547"]
[PlyCount "67"]
[EventDate "2012.10.14"]
[EventType "team-tourn"]
[EventRounds "9"]
[EventCountry "GER"]
[SourceTitle "EXT 2022"]
[Source "ChessBase"]
[SourceDate "2021.10.06"]
[SourceVersion "1"]
[SourceVersionDate "2021.10.06"]
[SourceQuality "1"]
[WhiteTeam "Greifswald II"]
[BlackTeam "Gryps SV"]
[WhiteTeamCountry "GER"]
[BlackTeamCountry "GER"]

1. d4 d5 2. c4 dxc4 3. Nf3 Nf6 4. e3 e6 5. Bxc4 Be7 6. Nc3 b6 7. e4 Bb7 8. Qe2 Nc6 9. d5 exd5 10. Nxd5 Na5 11. Nxf6+ Bxf6 12. Bb5+ c6 13. Bd3 0-0 14. 0-0 Re8 15. Qc2 c5 16. Rd1 Qe7 17. e5 Bxf3 18. gxf3 Bxe5 19. f4 Bc7 20. Bxh7+ Kh8 21. Qf5 g6 22. Qh3 Kg7 23. f5 g5 24. Qh5 Bf4 25. Bxf4 gxf4 26. Qg4+ Kxh7 27. Rd3 Qf6 28. Rh3+ Qh6 29. Rxh6+ Kxh6 30. Qxf4+ Kg7 31. Kh1 Rg8 32. Rg1+ Kf8 33. Rxg8+ Kxg8 34. f6 1-0

[Event "Norderstedt op"]
[Site "Norderstedt"]
[Date "2013.03.29"]
[Round "2"]
[White "Colpe, Malte"]
[Black "Hagenlueke, Thomas"]
[Result "1-0"]
[WhiteElo "2336"]
[BlackElo "2020"]
[PlyCount "49"]
[EventDate "2013.03.28"]
[EventType "swiss"]
[EventRounds "9"]
[EventCountry "GER"]
[SourceTitle "EXT 2015"]
[Source "ChessBase"]
[SourceDate "2014.11.20"]
[SourceVersion "1"]
[SourceVersionDate "2014.11.20"]
[SourceQuality "1"]

1. d4 d5 2. c4 dxc4 3. Nf3 Nf6 4. e3 e6 5. Bxc4 c5 6. 0-0 a6 7. a4 Nc6 8. Nc3 cxd4 9. exd4 Nb4 10. Bg5 Be7 11. Qe2 0-0 12. Rfd1 Nbd5 13. Ne5 Qd6 14. Qf3 Bd7 15. Bxd5 Nxd5 16. Nxd5 exd5 17. Bxe7 Qxe7 18. Qxd5 Be6 19. Qf3 Qb4 20. d5 Qd6 21. Nc4 Qb4 22. dxe6 Qxc4 23. e7 Rfe8 24. Qxb7 Rab8 25. Qxb8 1-0

[Event "Vellmar op-A 4th"]
[Site "Vellmar"]
[Date "2012.07.26"]
[Round "1"]
[White "Hagenlueke, Thomas"]
[Black "Schirra, Maurice"]
[Result "1-0"]
[WhiteElo "2023"]
[BlackElo "1617"]
[PlyCount "53"]
[EventDate "2012.07.26"]
[EventType "swiss"]
[EventRounds "7"]
[EventCountry "GER"]
[SourceTitle "EXT 2014"]
[Source "ChessBase"]
[SourceDate "2013.11.20"]
[SourceVersion "1"]
[SourceVersionDate "2013.11.20"]
[SourceQuality "1"]

1. d4 Nf6 2. c4 g6 3. Nc3 Bg7 4. e4 d6 5. Be2 0-0 6. Bg5 Nbd7 7. Qd2 c5 8. d5 Rb8 9. Nf3 a6 10. a4 Nb6 11. a5 Na8 12. h3 Qc7 13. Bf4 Qd7 14. e5 Ne8 15. 0-0 Qd8 16. Bd3 Bh8 17. Rfe1 Ng7 18. Ne4 Bf5 19. exd6 exd6 20. Nxd6 Bxd3 21. Qxd3 Nc7 22. Ne4 Nh5 23. Bg5 f6 24. Be3 f5 25. Nxc5 Re8 26. d6 Na8 27. Qd5+ 1-0

[Event "Mecklenburg VP-ch"]
[Site "Greifswald"]
[Date "2011.10.30"]
[Round "5.7"]
[White "Hagenlueke, Thomas"]
[Black "Gebert Vangeel, Ralf"]
[Result "1/2-1/2"]
[WhiteElo "1993"]
[BlackElo "2018"]
[PlyCount "70"]
[EventDate "2011.10.28"]
[EventType "swiss"]
[EventRounds "7"]
[EventCountry "GER"]
[SourceTitle "EXT 2022"]
[Source "ChessBase"]
[SourceDate "2021.10.06"]
[SourceVersion "1"]
[SourceVersionDate "2021.10.06"]
[SourceQuality "1"]

1. e4 e5 2. Nf3 Nc6 3. d4 exd4 4. Nxd4 Nf6 5. Nxc6 bxc6 6. Bd3 Bb4+ 7. Nd2 0-0 8. c3 Bc5 9. Nb3 Be7 10. 0-0 d5 11. e5 Ng4 12. f4 c5 13. h3 Nxe5 14. fxe5 c4 15. Bc2 cxb3 16. axb3 Bc5+ 17. Kh1 c6 18. Qd3 g6 19. Qg3 Be7 20. Bh6 Re8 21. Qf2 Be6 22. Rxa7 Rxa7 23. Qxa7 Bg5 24. Bxg5 Qxg5 25. Qd4 Bd7 26. Qf2 Be6 27. Qf4 Qe7 28. b4 Ra8 29. Bb3 Qb7 30. Qd4 Qb5 31. Re1 Rc8 32. Qc5 Qd3 33. Qe3 Qb5 34. Qc5 Qd3 35. Qe3 Qb5 1/2-1/2

[Event "Mecklenburg VP-ch"]
[Site "Greifswald"]
[Date "2011.10.30"]
[Round "6.6"]
[White "Wiese, Frank"]
[Black "Hagenlueke, Thomas"]
[Result "0-1"]
[WhiteElo "1965"]
[BlackElo "1993"]
[PlyCount "70"]
[EventDate "2011.10.28"]
[EventType "swiss"]
[EventRounds "7"]
[EventCountry "GER"]
[SourceTitle "EXT 2022"]
[Source "ChessBase"]
[SourceDate "2021.10.06"]
[SourceVersion "1"]
[SourceVersionDate "2021.10.06"]
[SourceQuality "1"]

1. d4 d5 2. c4 e6 3. Nf3 c6 4. g3 Nf6 5. Bg2 Nbd7 6. 0-0 Be7 7. Qc2 0-0 8. Nbd2 b6 9. e4 Bb7 10. e5 Ne8 11. Rd1 c5 12. Nf1 Rc8 13. b3 f5 14. Ne3 Nc7 15. Qe2 Qe8 16. Bb2 f4 17. Nc2 fxg3 18. hxg3 dxc4 19. dxc5 Bxc5 20. Nfd4 Bxg2 21. Kxg2 cxb3 22. axb3 a5 23. Na3 Nd5 24. Nc4 Qg6 25. Kh1 Nf4 26. Qe3 Qh6+ 27. Kg1 Nh3+ 28. Kg2 Rxf2+ 29. Qxf2 Nxf2 30. Kxf2 Qh2+ 31. Kf3 Rf8+ 32. Kg4 h5+ 33. Kg5 Be7+ 34. Kg6 Qxg3+ 35. Kxh5 Qg5# 0-1

[Event "Mecklenburg VP-ch"]
[Site "Greifswald"]
[Date "2011.10.28"]
[Round "1.8"]
[White "Hagenlueke, Thomas"]
[Black "Mueller, Michael"]
[Result "0-1"]
[WhiteElo "1993"]
[BlackElo "1763"]
[PlyCount "74"]
[EventDate "2011.10.28"]
[EventType "swiss"]
[EventRounds "7"]
[EventCountry "GER"]
[SourceTitle "EXT 2022"]
[Source "ChessBase"]
[SourceDate "2021.10.06"]
[SourceVersion "1"]
[SourceVersionDate "2021.10.06"]
[SourceQuality "1"]

1. d4 Nf6 2. c4 e6 3. Nc3 Bb4 4. Qc2 d5 5. a3 Bxc3+ 6. Qxc3 Ne4 7. Qc2 0-0 8. Nf3 Nd7 9. e3 b6 10. Bd3 Bb7 11. 0-0 f5 12. Ne1 c5 13. cxd5 exd5 14. dxc5 Ndxc5 15. Bd2 Nxd2 16. Qxd2 Nb3 17. Qd1 Nxa1 18. Qxa1 d4 19. Nc2 Qg5 20. g3 dxe3 21. fxe3 Rad8 22. Bc4+ Kh8 23. Qc1 Rc8 24. Nd4 Rxc4 25. Qxc4 Qxe3+ 26. Rf2 Qe4 27. Re2 Qh1+ 28. Kf2 Qxh2+ 29. Ke1 Qxg3+ 30. Kd2 h6 31. Ne6 Qd6+ 32. Ke1 Rc8 33. Qh4 Re8 34. Qc4 Bd5 35. Qf4 Rxe6 36. Qxf5 Rxe2+ 37. Kxe2 Qe6+ 0-1

[Event "Harburg-chC 9th"]
[Site "Hamburg"]
[Date "2011.08.20"]
[Round "2"]
[White "Henkemeier, Michael"]
[Black "Hagenlueke, Thomas"]
[Result "0-1"]
[WhiteElo "1917"]
[BlackElo "1999"]
[PlyCount "118"]
[EventDate "2011.08.19"]
[EventType "tourn"]
[EventRounds "5"]
[EventCountry "GER"]
[SourceTitle "EXT 2012"]
[Source "ChessBase"]
[SourceDate "2011.11.24"]
[SourceVersion "1"]
[SourceVersionDate "2011.11.24"]
[SourceQuality "1"]

1. d4 d5 2. c4 e6 3. Nc3 c6 4. Nf3 Nf6 5. e3 Nbd7 6. Bd3 dxc4 7. Bxc4 b5 8. Bd3 a6 9. 0-0 c5 10. e4 Bb7 11. Re1 b4 12. Na4 cxd4 13. Nxd4 Nc5 14. Nxc5 Bxc5 15. Nb3 Be7 16. Bf4 0-0 17. Rc1 Rc8 18. Qe2 Rxc1 19. Rxc1 Qa8 20. Rc7 Bd8 21. Rc4 a5 22. Nc5 Bc6 23. Bd6 Re8 24. e5 Nd7 25. Qh5 g6 26. Rg4 Nxc5 27. Bxc5 Be7 28. Bxe7 Rxe7 29. Qg5 Qd8 30. Rg3 Be4 31. Qe3 Qxd3 32. Qxd3 Bxd3 33. Rxd3 Rc7 34. g3 Rc1+ 35. Kg2 Rc5 36. a3 bxa3 37. bxa3 Rxe5 38. Rd8+ Kg7 39. Ra8 Kf6 40. Ra7 Rd5 41. g4 Rc5 42. h3 h5 43. Kh2 h4 44. Kg2 g5 45. Kh2 Kg6 46. Ra6 Re5 47. Kg2 f5 48. gxf5+ Kxf5 49. Kf3 Rd5 50. Kg2 e5 51. a4 Rc5 52. Ra8 Ke6 53. Kf3 Kd5 54. Rg8 Rc4 55. Rxg5 Rxa4 56. Rh5 Rd4 57. Rh8 a4 58. Ra8 Rb4 59. Ra5+ Kd4 0-1

[Event "Greifswald Ryck op 14th"]
[Site "Greifswald"]
[Date "2011.07.09"]
[Round "5"]
[White "Kriese, Ralf"]
[Black "Hagenlueke, Thomas"]
[Result "0-1"]
[WhiteElo "1814"]
[BlackElo "1999"]
[PlyCount "56"]
[EventDate "2011.07.07"]
[EventType "swiss"]
[EventRounds "7"]
[EventCountry "GER"]
[SourceTitle "EXT 2012"]
[Source "ChessBase"]
[SourceDate "2011.11.24"]
[SourceVersion "1"]
[SourceVersionDate "2011.11.24"]
[SourceQuality "1"]

1. e4 c6 2. d4 d5 3. exd5 cxd5 4. Bd3 Nc6 5. c3 Qc7 6. Nf3 Bg4 7. Be3 Nf6 8. Nbd2 e6 9. 0-0 Bd6 10. h3 Bh5 11. c4 dxc4 12. Nxc4 Bh2+ 13. Kh1 Bf4 14. g4 Bg6 15. Qd2 Nd5 16. a3 Bxe3 17. Nxe3 Nf4 18. Bxg6 hxg6 19. h4 g5 20. Ng2 Nxg2 21. Kxg2 gxh4 22. Rh1 0-0-0 23. Rac1 Qd6 24. Qg5 f6 25. Qe3 Kb8 26. Rxh4 Rxh4 27. Nxh4 Nxd4 28. Rd1 Nc2 0-1